00000000nam 2200000zi 4500
0019.936008
003CaOODSP
00520241203113656
006m     o  d f      
007cr |n|||||||||
008240321e19970411onc     ob   f|0| 0 eng d
040 |aCaOODSP|beng|erda|cCaOODSP
043 |an-cn---
0861 |aEn4-677/1997E-PDF
24500|aEnvironment Canada national data management framework policy.
24617|aEC data management framework - abridged draft 4 : |b11 April, 1997
264 1|a[Ottawa] : |bEnvironment Canada, |c11 April, 1997.
300 |a1 online resource (22 pages)
336 |atext|btxt|2rdacontent
337 |acomputer|bc|2rdamedia
338 |aonline resource|bcr|2rdacarrier
500 |aDigitized edition from print [produced by Environment and Climate Change Canada].
500 |a"Abridged draft 4."
504 |aIncludes bibliographical references.
650 0|aInformation organization|xGovernment policy|zCanada.
650 0|aMetadata|xStandards|zCanada.
650 6|aOrganisation de l'information|xPolitique gouvernementale|zCanada.
650 6|aMétadonnées|xNormes|zCanada.
7101 |aCanada. |bEnvironment Canada, |eissuing body.
85640|qPDF|s904 KB|uhttps://publications.gc.ca/collections/collection_2024/eccc/en4/En4-677-1997-eng.pdf